| 000 | 00399nam a2200145Ia 4500 | ||
|---|---|---|---|
| 008 | 210210b1990 xxu||||| |||| 00| 0 eng d | ||
| 082 | _a361.2 LAKS | ||
| 100 | _aLAKSHMANNA (C) and Others. | ||
| 245 | _aSocial action and social change. | ||
| 260 |
_aIndia _bAjanta Publications _c1990 |
||
| 300 | _axxxv,216 | ||
| 650 | _asocial action social change | ||
| 690 | _aSocial Problems | ||
| 906 | _a044262 | ||
| 999 |
_c93559 _d93559 |
||